Detalles MARC
| 000 -LIDER |
| fixed length control field |
01154nam a2200349 a 4500 |
| 001 - NÚMERO DE CONTROL |
| Identificador de número de control |
000004526 |
| 003 - IDENTIFICACDOR DE NÚMERO DE CONTROL |
| control field |
DO-SdBPM |
| 005 - DATE AND TIME OF LATEST TRANSACTION |
| control field |
20260529090916.0 |
| 007 - CAMPOS FIJOS DE DESCRIPCIÓN FÍSICA |
| fixed length control field |
000004526 |
| 008 - ELEMENTOS DE LONGITUD FIJA |
| fixed length control field |
090723s2016 dr a 000 p spa d |
| 020 ## - ISBN |
| International Standard Book Number |
9789945429244 |
| 040 ## - FUENTE DE CATALOGACIÓN |
| Agencia que crea de manera original el registro |
DO-SdBPM |
| Idioma de catalogación |
spa |
| Agencia que realiza la transcripción |
BPMSU |
| Convenciones de la despripción |
rda |
| 082 04 - NÚMERO DE CLASIFICACIÓN DECIMAL DE DEWEY |
| Classification number |
RD861.44 |
| Item number |
S211s 2016 |
| Edition number |
22 |
| 092 ## - LOCALLY ASSIGNED DEWEY DECIMAL CALL NUMBER |
| Número de clasificación |
|
| 100 1# - ASIENTO PRINCIPAL -- NOMBRE PERSONAL |
| Nombre personal |
Sánchez Beras, César, |
| Fechas asociadas con el nombre |
1962- |
| 245 10 - MENCIÓN DE TITULO |
| Título |
El sapito azul / |
| Mención de responsabilidad |
César Sánchez Beras ; traducción Rhina P. Espaillat ; ilustraciones Baltasar Alí |
| Subtítulo |
|
| 246 31 - VARIACION DEL TÍTULO |
| Título propiamente dicho o título corto |
|
| 260 ## - PUBLICACIÓN, DISTRIBUCIÓN, ETC. (PIE DE IMPRENTA) |
| Lugar de publicación, distribución, etc |
Santo Domingo : |
| Nombre del editor, distribuidor, etc. |
Loqueleo, |
| Fecha de publicación, distribución, etc |
2016 |
| 300 ## - DESCRIPCIÓN FÍSICA |
| Extensión |
55 p. ; |
| Dimensiones |
22 cm. |
| 490 0# - MENCIÓN DE SERIES |
| Mención de serie |
|
| 500 ## - NOTA GENERAL |
| Nota general |
Incluye datos biográficos del autor en la solapa de la cubierta |
| 546 ## - NOTA DE IDIOMA |
| Nota de idioma |
Texto en ingles y español |
| 586 ## - AWARDS NOTE |
| Awards note |
Premio de literatura infantil, Letras de Ultramar |
| 590 ## - NOTA LOCAL |
| Texto de la nota local |
Inventariado, 2025/VM |
| 650 #7 - ENCABEZAMIENTO DE MATERIA--TEMÁTICO |
| Término temático o nombre geográfico como elemento de entrada |
Poesía infantil dominicana |
| 650 #7 - ENCABEZAMIENTO DE MATERIA--TEMÁTICO |
| Término temático o nombre geográfico como elemento de entrada |
Literatura infantil dominicana |
| 650 #7 - ENCABEZAMIENTO DE MATERIA--TEMÁTICO |
| Término temático o nombre geográfico como elemento de entrada |
Certámenes literarios |
| 700 1# - ASIENTO SECUNDARIO -- NOMBRE PERSONAL |
| Nombre personal |
Alí, Baltasar |
| Mención de responsabilidad |
ilustración |
| 700 1# - ASIENTO SECUNDARIO -- NOMBRE PERSONAL |
| Nombre personal |
Espaillat, Rhina P. |
| Mención de responsabilidad |
traducción |
| 910 ## - VALIDACIÓN |
| Validación |
VMateo V. Control de calidad BPMSU |
| 942 ## - ADDED ENTRY ELEMENTS (KOHA) |
| Source of classification or shelving scheme |
Dewey Decimal Classification |
| Koha item type |
Libros |